Cardiovascular Disease (Record no. 8047)

MARC details
000 -LEADER
fixed length control field 00488nam a22001937a 4500
003 - CONTROL NUMBER IDENTIFIER
control field OSt
005 - DATE AND TIME OF LATEST TRANSACTION
control field 20221110122802.0
008 - FIXED-LENGTH DATA ELEMENTS--GENERAL INFORMATION
fixed length control field 221110b ||||| |||| 00| 0 eng d
020 ## - INTERNATIONAL STANDARD BOOK NUMBER
International Standard Book Number 453166002
040 ## - CATALOGING SOURCE
Transcribing agency DDC
082 ## - DEWEY DECIMAL CLASSIFICATION NUMBER
Classification number WG 100 C23 1984
100 ## - MAIN ENTRY--PERSONAL NAME
Personal name Hampton R.John;
9 (RLIN) 16373
245 ## - TITLE STATEMENT
Title Cardiovascular Disease
Remainder of title Intergrated Clinical Science:
260 ## - PUBLICATION, DISTRIBUTION, ETC. (IMPRINT)
Place of publication, distribution, etc. Oxford,
Name of publisher, distributor, etc. ELBS
Date of publication, distribution, etc. 1984
300 ## - PHYSICAL DESCRIPTION
Extent x,276p;
504 ## - BIBLIOGRAPHY, ETC. NOTE
Bibliography, etc includes index
650 ## - SUBJECT ADDED ENTRY--TOPICAL TERM
Topical term or geographic name as entry element medicine
9 (RLIN) 324
942 ## - ADDED ENTRY ELEMENTS (KOHA)
Source of classification or shelving scheme Dewey Decimal Classification
Koha item type Open Shelf
Holdings
Withdrawn status Lost status Source of classification or shelving scheme Damaged status Not for loan Home library Current library Date acquired Source of acquisition Inventory number Total Checkouts Full call number Barcode Date last seen Price effective from Koha item type
    Other/Generic Classification Scheme     MUST Main Library MUST Main Library 10/11/2022 Purchase 97/11551   WG 100 C23 1984 2022-8056 10/11/2022 10/11/2022 Open Shelf
    Other/Generic Classification Scheme     MUST Main Library MUST Main Library 10/11/2022 Purchase 92/5549   WG 100 C23 1984 2022-8057 10/11/2022 10/11/2022 Open Shelf
    Other/Generic Classification Scheme     MUST Main Library MUST Main Library 10/11/2022 Purchase 5570   WG 100 C23 1984 2022-8058 10/11/2022 10/11/2022 Open Shelf